| 000 | 00839cab a2200241 4500 | ||
|---|---|---|---|
| 001 | WB3505-21 | ||
| 008 | 090401t1999 xxu||||| |||| 00| 0 eng d | ||
| 035 | _a(Sirsi) u91101 | ||
| 041 | _aeng | ||
| 245 | _aRamblers` rights | ||
| 260 | _c1999 | ||
| 350 | _a0 | ||
| 490 |
_aIndependent _v4 February 1999, 7(1) |
||
| 520 | _aGovernment has backed down on a manifesto pledge to give ramblers unrestricted access across the countryside. Ministers are to propose a system of voluntary agreements between councils and landowners rather than the unlimited access ramblers have lobbied for. | ||
| 650 | _aACCESS TO THE COUNTRYSIDE | ||
| 650 | _aLANDOWNERS | ||
| 650 | _aRAMBLERS | ||
| 650 | _aRIGHT TO ROAM | ||
| 650 | _aVOLUNTARY AGREEMENTS | ||
| 690 | _aHIGHWAYS RIGHTS OF WAY AND EASEMENTS | ||
| 942 | _n0 | ||
| 948 | _c04/02/1999 | ||
| 999 |
_c57807 _d57807 |
||